| 000 | 00518nam a22001577a 4500 | ||
|---|---|---|---|
| 003 | 0 | ||
| 005 | 20231106145024.0 | ||
| 008 | 230929b xxu||||| |||| 00| 0 eng d | ||
| 050 |
_aBF 575 _b.R69 2022 |
||
| 100 | _aRoy, Generoso Pascual M. | ||
| 245 |
_aPsychological well - being and stress management of night shift workers _cRoy, Generoso Pascual M. |
||
| 260 |
_aLas Pinas City _bSouthville International School and Colleges _cC2022 |
||
| 300 |
_aix,107pp. _c28cm. |
||
| 500 | _aStress management. | ||
| 942 |
_2lcc _cTH |
||
| 999 |
_c365442 _d365442 |
||